| 000 | 00416pab a2200133 454500 | ||
|---|---|---|---|
| 008 | 180718b xxu||||| |||| 00| 0 eng d | ||
| 100 | _aPatel Jashbhai | ||
| 245 | _aIs national interest being served by Narmada project? | ||
| 362 | _a29(30), 23 Jul 1994, p.1957-964 | ||
| 650 | _a Narmada Project -- India | ||
| 650 | _aIrrigation -- India -- Madhya Pradesh | ||
| 773 | _aEconomic and Political Weekly | ||
| 909 | _a27398 | ||
| 999 |
_c27398 _d27398 |
||